000 00530nam a22001817a 4500
005 20250322115817.0
008 250322b |||||||| |||| 00| 0 eng d
020 _a9780395959657
050 _aLB1576
_b.F38 FEA
100 _aFearn Leif
245 _aInteractions:
_bTeaching Writing and the Language Arts
_cLeif Fearn & Nancy Farnan
260 _aBoston
_bHoughton Mifflin Company
_c2001
300 _axxix. 519p.
_bill.
_c23 cm
500 _aIncludes Index
650 _2Learning
700 _aFarnan Nancy
942 _2lcc
_cBK
_n0
999 _c5088
_d5088